000 01231cam a22002655a 4500
999 _c121216
_d121216
001 K121216
008 091001s2012 xxk f 001 0 eng d
020 _a9780728205086
035 _a(Sirsi) u148552
041 0 _aeng
100 1 _aShapiro, Eric
245 0 0 _aModern methods of valuation
250 _a11th ed.
260 _aLondon
_bEstates Gazette
_c2012
510 _aReflects current changes in the regulatory and statutory framework for property valuations as at June 2018 as well as providing an overview to principles and methodology in property valuation. Covers different approaches to valuation including income approach, discounted cash flow and cost approach and residual method as well as how to value different types of properties including residential and commercial. Includes valuation for rating, taxation and compulsory purchase. Worked examples and case studies.
520 _aSupersedes 10th ed 9780728205086
521 _aAdvanced
590 _aKA
651 4 _aUnited Kingdom
690 _aValuation
_96273
700 1 _aDavies, Keith
700 1 _aMackmin, David
856 _uhttps://www.vlebooks.com/
_zView on VLEbooks. Logins for members only from [email protected]
942 _n0